Vol. 49, № 1; Industrial and Engineering Chemistry

Бібліографічні деталі
Parent link:Industrial and Engineering Chemistry/ American Chemical Society. Vol. 49, № 1.— , 1935-1970
Мова:Англійська
Опубліковано: 1957
Формат: Книга
KOHA link:https://koha.lib.tpu.ru/cgi-bin/koha/opac-detail.pl?biblionumber=583833

MARC

LEADER 00000nam2a2200000 4500
001 583833
005 20231101131042.0
035 |a (RuTPU)RU\TPU\prd\285047 
035 |a RU\TPU\prd\285041 
090 |a 583833 
100 |a 20190716a19351970k y0engy50 ba 
101 0 |a eng 
102 |a US 
200 0 |a Vol. 49, № 1 
210 |d 1957 
215 |a p. 1A-148A, p. 1-160 
461 1 |0 (RuTPU)RU\TPU\prd\283487  |t Industrial and Engineering Chemistry  |f American Chemical Society  |v Vol. 49, № 1  |d 1935-1970 
517 1 |a Промышленная химия и химическая технология 
801 0 |a RU  |b 63413507  |c 20010227  |g PSBO 
801 1 |a RU  |b 63413507  |c 20080423  |g PSBO 
801 2 |a RU  |b 63413507  |c 20190716  |g PSBO 
942 |c BK 
999 |a НТБ_ТПУ  |b НФ  |e -8/20180109  |p П-517  |u 0,00  |v 1  |x 6003